Audítorstvo ako globálny nástroj presadzovania a podpory zodpovedného a obozretného spravovania podnikov (corporate governance)

Sarbanesov-Oxleyho zákon. Výbor pre dohľad nad verejnými účtovnými spoločnosťami. Audítorstvo a corporate governance v EÚ. Audítori a osoby vykonávajúce audit.Transparentnosť, etika a nezávislosť. Audítorské štandardy. Verejný dohľad a kontrola kvality. Účtovné jednotky podliehajúce verejnému záujmu...

Ausführliche Beschreibung

Gespeichert in:
Bibliographische Detailangaben
1. Verfasser: Tumpach, Miloš, 1970-
Format: Buchkapitel
Sprache:Slowakisch
Schlagworte:
Tags: Tag hinzufügen
Keine Tags, Fügen Sie das erste Tag hinzu!

MARC

LEADER 00000naa$a2200000$$$4500
001 0027738
005 20240502071429.0
041 0 |a slo 
044 |a SK 
245 1 0 |a Audítorstvo ako globálny nástroj presadzovania a podpory zodpovedného a obozretného spravovania podnikov (corporate governance)  |c Miloš Tumpach 
520 |a Sarbanesov-Oxleyho zákon. Výbor pre dohľad nad verejnými účtovnými spoločnosťami. Audítorstvo a corporate governance v EÚ. Audítori a osoby vykonávajúce audit.Transparentnosť, etika a nezávislosť. Audítorské štandardy. Verejný dohľad a kontrola kvality. Účtovné jednotky podliehajúce verejnému záujmu. 
610 2 0 |a správa podniku 
610 2 0 |a audit 
610 2 0 |a audítorstvo 
610 2 0 |a štandardy 
610 2 0 |a audítori 
610 2 0 |a kontrola 
610 2 0 |a Európska únia 
610 2 0 |a etika 
610 2 0 |a nezávislosť 
610 2 0 |a kontrola kvality 
610 2 0 |a jednotka účtovná 
610 2 0 |a záujmy verejné 
100 1 |a Tumpach, Miloš, 1970-